000 01248cam a2200325 i 4500
001 12879437
003 EG-ScBUE
005 20241024084131.0
008 020801t2003 nyua f b 001 0 eng d
020 _a9780816062300
020 _a0816062307
040 _aDLC
_beng
_erda
_cDLC
_dDLC
_dEG-ScBUE
082 0 4 _a516
_222
_bGOR
100 1 _aGorini, Catherine A.,
_eauthor.
245 1 0 _aFacts on file geometry handbook /
_cCatherine A. Gorini, Ph.D. Maharishi University of Management, Fairfield, Iowa.
246 3 0 _aGeometry handbook
264 1 _aNew York, N.Y. :
_bCheckmark Books, Facts On File,
_c[2005]
264 4 _cc2005
300 _aviii, 280 pages :
_billustrations ;
_c24 cm.
336 _2rdacontent
_atext
_btxt
337 _aunmediated
_2rdamedia
_bn
338 _avolume
_bnc
_2rdacarrier
490 0 _aFacts on file science library
504 _aIncludes bibliographical references and index.
650 7 _aGeometry.
_2BUEsh
655 _vReading book
856 4 1 _3Table of contents
_uhttp://www.loc.gov/catdir/toc/fy037/2002012343.html
942 _2ddc
_cBB
999 _c10625
_d10625